[Event "Cattolica Primavera op"]
[Site "Cattolica"]
[Date "2022.03.20"]
[Round "9"]
[White "Calavalle, Giulio"]
[Black "Engel, Robert"]
[Result "0-1"]
[WhiteElo "2188"]
[BlackElo "2128"]
[PlyCount "60"]
[EventDate "2022.03.16"]
[EventType "swiss"]
[EventRounds "9"]
[EventCountry "ITA"]
[SourceTitle "EXT 2023"]
[Source "ChessBase"]
[SourceDate "2022.10.05"]
[SourceVersion "1"]
[SourceVersionDate "2022.10.05"]
[SourceQuality "1"]

1. e4 c5 2. Nf3 d6 3. d4 cxd4 4. Nxd4 Nf6 5. Nc3 Nc6 6. Bg5 e6 7. Qd2 a6 8. 0-0-0 Bd7 9. f4 h6 10. Bh4 b5 11. f5 b4 12. fxe6 fxe6 13. Nce2 g5 14. Nxc6 Bxc6 15. Nd4 Bxe4 16. Nxe6 Qe7 17. Nxf8 gxh4 18. Bd3 Rxf8 19. Rhe1 d5 20. Qxh6 0-0-0 21. Bxa6+ Kb8 22. Bd3 Qc5 23. Qxh4 Rc8 24. Kb1 Rc6 25. g4 Bxd3 26. Qg3+ Kb7 27. cxd3 Qc2+ 28. Ka1 Rfc8 29. Rb1 Ra8 30. a3 b3 0-1

[Event "Cattolica Primavera op"]
[Site "Cattolica"]
[Date "2022.03.17"]
[Round "2"]
[White "Scarpa, Silvia"]
[Black "Calavalle, Giulio"]
[Result "1-0"]
[WhiteElo "2041"]
[BlackElo "2188"]
[PlyCount "57"]
[EventDate "2022.03.16"]
[EventType "swiss"]
[EventRounds "9"]
[EventCountry "ITA"]
[SourceTitle "CBM 207 Extra"]
[Source "ChessBase"]
[SourceDate "2022.05.31"]
[SourceVersion "1"]
[SourceVersionDate "2022.05.31"]
[SourceQuality "1"]

1. e4 c5 2. Nc3 e6 3. Nf3 a6 4. d4 cxd4 5. Nxd4 Nc6 6. Be3 Qc7 7. Be2 Nf6 8. 0-0 Bb4 9. Nxc6 dxc6 10. Qd4 Bd6 11. h3 e5 12. Qd3 b5 13. Rad1 Be7 14. f4 Be6 15. Bc1 Bc4 16. Qf3 Bxe2 17. Nxe2 0-0 18. Ng3 Rad8 19. Nf5 Rxd1 20. Rxd1 Bc5+ 21. Kh1 Re8 22. b3 g6 23. Nh6+ Kg7 24. Rf1 Ng8 25. fxe5 Re7 26. e6 f5 27. exf5 Nf6 28. Bb2 Kxh6 29. Bxf6 1-0

[Event "Bassano del Grappa Vergani Cup Elitte-A"]
[Site "Bassano del Grappa"]
[Date "2021.01.04"]
[Round "3"]
[White "Bolognese, Leonardo"]
[Black "Calavalle, Giulio"]
[Result "1-0"]
[WhiteElo "2069"]
[BlackElo "2212"]
[PlyCount "55"]
[EventDate "2021.01.03"]
[EventType "swiss"]
[EventRounds "9"]
[EventCountry "ITA"]
[SourceTitle "EXT 2022"]
[Source "ChessBase"]
[SourceDate "2021.10.06"]
[SourceVersion "1"]
[SourceVersionDate "2021.10.06"]
[SourceQuality "1"]

1. d4 Nf6 2. c4 e6 3. Nc3 Bb4 4. a3 Bxc3+ 5. bxc3 c5 6. e3 0-0 7. Bd3 d6 8. Ne2 Nc6 9. Rb1 b6 10. e4 e5 11. 0-0 h6 12. f4 exf4 13. Nxf4 Nh7 14. Be3 Ne7 15. Nd5 f5 16. Qf3 Nxd5 17. cxd5 Ng5 18. Bxg5 Qxg5 19. e5 f4 20. e6 cxd4 21. c4 Ba6 22. Qe4 g6 23. Rbe1 Rf6 24. Rf3 Re8 25. Qxd4 Bb7 26. Ref1 Ref8 27. g3 Qh5 28. e7 1-0

[Event "Arco op 42nd"]
[Site "Arco"]
[Date "2020.10.17"]
[Round "8.9"]
[White "Wollenweber, Carsten"]
[Black "Calavalle, Giulio"]
[Result "0-1"]
[WhiteElo "2071"]
[BlackElo "2229"]
[PlyCount "72"]
[EventDate "2020.10.10"]
[EventType "swiss"]
[EventRounds "9"]
[EventCountry "ITA"]
[SourceTitle "CBM 198 Extra"]
[Source "ChessBase"]
[SourceDate "2020.11.30"]
[SourceVersion "1"]
[SourceVersionDate "2020.11.30"]
[SourceQuality "1"]

1. c4 e5 2. g3 Nc6 3. Bg2 Bc5 4. Nc3 d6 5. e3 Nge7 6. Nge2 Bg4 7. h3 Bh5 8. a3 a5 9. g4 Bg6 10. d4 Bb6 11. d5 Nb8 12. Ng3 f5 13. h4 h6 14. gxf5 Nxf5 15. Qg4 Qf6 16. Be4 0-0 17. Rh2 Na6 18. Na4 Nc5 19. Nxc5 Bxc5 20. Bd2 Rf7 21. 0-0-0 Bb6 22. Rg1 Kh8 23. Rhg2 Rg8 24. Nh5 Bxh5 25. Qxh5 Rgf8 26. Rg5 Ne7 27. Rg6 Nxg6 28. Rxg6 Qxf2 29. Kc2 Rf6 30. Rg2 Qf1 31. Kc3 a4 32. Qg4 Rg8 33. Bd3 Qf3 34. h5 Qxg4 35. Rxg4 Ba5+ 36. Kc2 Rf2 0-1

[Event "Arco op 42nd"]
[Site "Arco"]
[Date "2020.10.15"]
[Round "6.11"]
[White "Ruzic, Pia Marie"]
[Black "Calavalle, Giulio"]
[Result "1-0"]
[WhiteElo "1929"]
[BlackElo "2229"]
[PlyCount "89"]
[EventDate "2020.10.10"]
[EventType "swiss"]
[EventRounds "9"]
[EventCountry "ITA"]
[SourceTitle "CBM 198 Extra"]
[Source "ChessBase"]
[SourceDate "2020.11.30"]
[SourceVersion "1"]
[SourceVersionDate "2020.11.30"]
[SourceQuality "1"]

1. c4 e5 2. Nc3 Nf6 3. e4 Nc6 4. Nf3 Be7 5. Be2 d6 6. d4 0-0 7. 0-0 h6 8. d5 Nb8 9. c5 Nbd7 10. cxd6 Bxd6 11. Ne1 a6 12. Be3 Re8 13. Rc1 Nf8 14. Nd3 Ng6 15. g3 Bh3 16. Re1 Bd7 17. Nc5 Bc8 18. b4 Qe7 19. a3 b6 20. Nd3 Bd7 21. f3 Nh7 22. Nb2 b5 23. Nd3 f5 24. exf5 Bxf5 25. Nc5 Nf6 26. N3e4 Qf7 27. Nxf6+ gxf6 28. Bxh6 Ne7 29. Ne4 Qg6 30. Be3 Kf7 31. f4 Rh8 32. Nxd6+ cxd6 33. fxe5 Rag8 34. e6+ Ke8 35. Bf4 Rh3 36. Bf3 Rgh8 37. Re2 Bd3 38. Rg2 Bc4 39. Bxd6 Qh7 40. Qd2 Qf5 41. Bxe7 Qxf3 42. d6 R3h5 43. Rf2 Rxh2 44. Rxf3 Rxd2 45. Bxf6 1-0

[Event "Porto San Giorgio op"]
[Site "Porto San Giorgio"]
[Date "2020.08.25"]
[Round "4"]
[White "Calavalle, Giulio"]
[Black "Bettalli, Francesco"]
[Result "1/2-1/2"]
[WhiteElo "2227"]
[BlackElo "2208"]
[PlyCount "43"]
[EventDate "2020.08.22"]
[EventType "swiss"]
[EventRounds "7"]
[EventCountry "ITA"]
[SourceTitle "CBM 198 Extra"]
[Source "ChessBase"]
[SourceDate "2020.11.30"]
[SourceVersion "1"]
[SourceVersionDate "2020.11.30"]
[SourceQuality "1"]

1. e4 c5 2. Nf3 Nc6 3. d4 cxd4 4. Nxd4 Nf6 5. Nc3 e5 6. Ndb5 d6 7. Bg5 a6 8. Na3 b5 9. Nd5 Be7 10. Bxf6 Bxf6 11. c3 Bg5 12. Nc2 Rb8 13. a4 bxa4 14. Ncb4 Bd7 15. Bxa6 Nxb4 16. Nxb4 Qa5 17. Qxd6 Rb6 18. Qd3 Be7 19. Nd5 Rxb2 20. 0-0 Qc5 21. Nb4 Qc7 22. Nd5 1/2-1/2

[Event "Porto San Giorgio op"]
[Site "Porto San Giorgio"]
[Date "2020.08.24"]
[Round "3"]
[White "De Carlo, Fabio"]
[Black "Calavalle, Giulio"]
[Result "0-1"]
[WhiteElo "1921"]
[BlackElo "2227"]
[PlyCount "112"]
[EventDate "2020.08.22"]
[EventType "swiss"]
[EventRounds "7"]
[EventCountry "ITA"]
[SourceTitle "CBM 198 Extra"]
[Source "ChessBase"]
[SourceDate "2020.11.30"]
[SourceVersion "1"]
[SourceVersionDate "2020.11.30"]
[SourceQuality "1"]

1. e4 c5 2. Nc3 d6 3. f4 g6 4. Nf3 Bg7 5. Bc4 Nc6 6. 0-0 e6 7. d3 Nge7 8. f5 gxf5 9. Ng5 Ne5 10. Qh5 d5 11. exd5 exd5 12. Bb5+ Kf8 13. d4 cxd4 14. Ne2 Qb6 15. Bd3 h6 16. Nf3 Qg6 17. Qh4 Bf6 18. Nxe5 Bxh4 19. Nxg6+ fxg6 20. Nxd4 Kg7 21. Bf4 Bf6 22. c3 Bd7 23. Rfe1 Rae8 24. Be5 Nc6 25. Bxf6+ Kxf6 26. Nb5 Rxe1+ 27. Rxe1 Ne5 28. Bf1 Bxb5 29. Bxb5 Rd8 30. Rd1 Nf7 31. Ba4 Ng5 32. Bb3 Ke5 33. Re1+ Ne4 34. Rd1 g5 35. Rd4 f4 36. Bc2 Rd6 37. Kf1 Nf6 38. Ra4 a6 39. Rb4 b5 40. h3 d4 41. cxd4+ Rxd4 42. Rxd4 Kxd4 43. Ke2 Nd7 44. Bf5 Ne5 45. b4 Kc3 46. Bc8 Kxb4 47. Bxa6 Kc5 48. Bb7 Kd4 49. Ba6 b4 50. Kd2 h5 51. Be2 g4 52. hxg4 hxg4 53. Kc2 Ke3 54. Ba6 Kf2 55. Bb7 f3 56. gxf3 Nxf3 0-1

[Event "Porto San Giorgio op"]
[Site "Porto San Giorgio"]
[Date "2020.08.22"]
[Round "1"]
[White "Syed, Danish"]
[Black "Calavalle, Giulio"]
[Result "0-1"]
[WhiteElo "1758"]
[BlackElo "2227"]
[PlyCount "64"]
[EventDate "2020.08.22"]
[EventType "swiss"]
[EventRounds "7"]
[EventCountry "ITA"]
[SourceTitle "CBM 198 Extra"]
[Source "ChessBase"]
[SourceDate "2020.11.30"]
[SourceVersion "1"]
[SourceVersionDate "2020.11.30"]
[SourceQuality "1"]

1. d4 c5 2. d5 f5 3. c4 Nf6 4. Nc3 g6 5. g3 Bg7 6. Bg2 d6 7. Nf3 Na6 8. 0-0 0-0 9. Re1 Nc7 10. Nd2 Rb8 11. a4 b6 12. Qc2 a6 13. e4 e5 14. dxe6 Nxe6 15. Nb3 fxe4 16. Nxe4 Nxe4 17. Bxe4 Qf6 18. Bd5 Kh8 19. Be3 Nc7 20. Bg2 Bf5 21. Qd2 Qxb2 22. Qxb2 Bxb2 23. Ra2 Bf6 24. Bf4 Rbd8 25. Rd1 g5 26. Bxd6 Ne8 27. Rad2 Nxd6 28. Rxd6 Bc2 29. Rxd8 Bxd8 30. Rd7 Bxb3 31. Be4 Bxc4 32. Rxh7+ Kg8 0-1

[Event "Spilimbergo op 18th"]
[Site "Spilimbergo"]
[Date "2020.08.13"]
[Round "7"]
[White "Vlachos, Anatole"]
[Black "Calavalle, Giulio"]
[Result "1-0"]
[WhiteElo "2429"]
[BlackElo "2227"]
[PlyCount "107"]
[EventDate "2020.08.09"]
[EventType "swiss"]
[EventRounds "9"]
[EventCountry "ITA"]
[SourceTitle "CBM 197 Extra"]
[Source "ChessBase"]
[SourceDate "2020.09.30"]
[SourceVersion "1"]
[SourceVersionDate "2020.09.30"]
[SourceQuality "1"]

1. f4 Nf6 2. Nf3 c5 3. g3 Nc6 4. Bg2 d6 5. 0-0 e5 6. d3 Bg4 7. c3 Qd7 8. Qb3 h5 9. e4 0-0-0 10. Ng5 Be2 11. Re1 Bxd3 12. Nd2 Re8 13. Bh3 Ng4 14. Qxf7 Qxf7 15. Nxf7 Rg8 16. Nf3 Bc4 17. N7g5 Be7 18. b3 Bb5 19. a4 Bd3 20. b4 c4 21. Rd1 Bf6 22. b5 Nd8 23. fxe5 dxe5 24. Bf1 Bxf1 25. Rxf1 Be7 26. h3 Bc5+ 27. Kg2 Nf6 28. a5 Ne6 29. Ra4 Nc7 30. Rxc4 b6 31. Nf7 Nxb5 32. Be3 Nd7 33. axb6 axb6 34. Bxc5 bxc5 35. N3xe5 Rxe5 36. Nxe5 Nd6 37. Ra4 Nb6 38. Ra5 Nxe4 39. Rb1 Kc7 40. Ra7+ Kd6 41. Nf7+ Kc6 42. Ra6 Rb8 43. Ne5+ Kd5 44. Raxb6 Rxb6 45. Rxb6 Kxe5 46. Rg6 Nxc3 47. Rxg7 Kd4 48. Kf3 c4 49. Rg5 Kd3 50. Rxh5 Ne2 51. Rd5+ Nd4+ 52. Kf4 c3 53. Ke5 c2 54. Rxd4+ 1-0

[Event "Veneto-ch qf 79th"]
[Site "Padova"]
[Date "2020.02.22"]
[Round "3.1"]
[White "Sonis, Francesco"]
[Black "Calavalle, Giulio"]
[Result "1-0"]
[WhiteElo "2478"]
[BlackElo "2218"]
[PlyCount "47"]
[EventDate "2020.02.21"]
[EventType "swiss"]
[EventRounds "3"]
[EventCountry "ITA"]
[SourceTitle "EXT 2024"]
[Source "ChessBase"]
[SourceDate "2023.10.10"]
[SourceVersion "1"]
[SourceVersionDate "2023.10.10"]
[SourceQuality "1"]

1. d4 Nf6 2. c4 e6 3. Nc3 d5 4. cxd5 exd5 5. Bg5 c6 6. e3 Nbd7 7. Bd3 Be7 8. Nf3 Nf8 9. Qc2 Ne6 10. Bh4 g6 11. h3 Ng7 12. g4 Be6 13. 0-0-0 Qa5 14. Kb1 0-0-0 15. Nd2 h5 16. Nb3 Qc7 17. Rc1 Nge8 18. Nb5 Qd7 19. Nc5 Bxc5 20. Qxc5 a6 21. Na7+ Kc7 22. Qa5+ Kb8 23. Nxc6+ bxc6 24. Qb4+ 1-0

[Event "Arco Christmas op 10th"]
[Site "Arco"]
[Date "2019.12.26"]
[Round "1"]
[White "Tonina, Filippo"]
[Black "Calavalle, Giulio"]
[Result "1/2-1/2"]
[WhiteElo "2012"]
[BlackElo "2211"]
[PlyCount "69"]
[EventDate "2019.12.26"]
[EventType "swiss"]
[EventRounds "7"]
[EventCountry "ITA"]
[SourceTitle "CBM 194 Extra"]
[Source "ChessBase"]
[SourceDate "2020.03.31"]
[SourceVersion "1"]
[SourceVersionDate "2020.03.31"]
[SourceQuality "1"]

1. c4 e5 2. g3 Nf6 3. Bg2 d5 4. cxd5 Nxd5 5. Nf3 Nc6 6. d3 Be7 7. Nc3 Nb6 8. b3 f6 9. Bb2 Be6 10. 0-0 0-0 11. e3 Qc8 12. Qe2 a5 13. Rfd1 a4 14. d4 Bb4 15. Nxa4 Nxa4 16. bxa4 exd4 17. Nxd4 Nxd4 18. exd4 c6 19. d5 cxd5 20. Qxe6+ Qxe6 21. Bxd5 Rfe8 22. Bxe6+ Rxe6 23. Rac1 Re2 24. Bd4 Ba3 25. Rb1 Re7 26. Be3 Rxa4 27. Rd3 Kf7 28. Rxa3 Rxa3 29. Bc5 Rxa2 30. Bxe7 Kxe7 31. Rxb7+ Kf8 32. Kg2 Kg8 33. Rb8+ Kf7 34. Rb7+ Kg6 35. h4 1/2-1/2

[Event "Lignano Sabbiadoro op 5th"]
[Site "Lignano Sabbiadoro"]
[Date "2019.08.01"]
[Round "7"]
[White "Dionigi, Riccardo"]
[Black "Calavalle, Giulio"]
[Result "1-0"]
[WhiteElo "2045"]
[BlackElo "2231"]
[PlyCount "85"]
[EventDate "2019.07.27"]
[EventType "swiss"]
[EventRounds "9"]
[EventCountry "ITA"]
[SourceTitle "CBM 191 Extra"]
[Source "ChessBase"]
[SourceDate "2019.09.30"]
[SourceVersion "1"]
[SourceVersionDate "2019.09.30"]
[SourceQuality "1"]

1. d4 Nf6 2. c4 e6 3. g3 c5 4. d5 e5 5. Bg2 d6 6. Nc3 Be7 7. e4 0-0 8. Nge2 Nh5 9. 0-0 a6 10. a4 a5 11. f4 exf4 12. gxf4 Bf6 13. Be3 g6 14. Ng3 Nxg3 15. hxg3 Na6 16. Qd2 Re8 17. Nb5 Bg7 18. f5 Be5 19. fxg6 hxg6 20. Bg5 f6 21. Bf4 Kg7 22. Rf2 Nc7 23. Bxe5 Rxe5 24. Raf1 Ne8 25. Rf4 g5 26. R4f2 b6 27. Qd1 Qe7 28. Qh5 Rb8 29. Bf3 g4 30. Qh1 gxf3 31. Rh2 Kf7 32. Rh7+ Ng7 33. Qh6 Rg5 34. Rxf3 Rg6 35. Qf4 Kg8 36. Qh4 Kf7 37. Qf4 Qe5 38. Nxd6+ Ke7 39. Nf5+ Bxf5 40. Qxe5+ fxe5 41. exf5 Rg4 42. f6+ Kf7 43. fxg7+ 1-0

[Event "Lignano Sabbiadoro op 5th"]
[Site "Lignano Sabbiadoro"]
[Date "2019.07.31"]
[Round "6"]
[White "Calavalle, Giulio"]
[Black "Drazic, Sinisa"]
[Result "0-1"]
[WhiteElo "2231"]
[BlackElo "2363"]
[PlyCount "186"]
[EventDate "2019.07.27"]
[EventType "swiss"]
[EventRounds "9"]
[EventCountry "ITA"]
[SourceTitle "CBM 191 Extra"]
[Source "ChessBase"]
[SourceDate "2019.09.30"]
[SourceVersion "1"]
[SourceVersionDate "2019.09.30"]
[SourceQuality "1"]

1. e4 c5 2. Nc3 Nc6 3. Nf3 e6 4. d4 cxd4 5. Nxd4 Qc7 6. Be3 Nf6 7. Bd3 a6 8. 0-0 Nxd4 9. Bxd4 Bc5 10. Be2 d6 11. Kh1 e5 12. Bxc5 Qxc5 13. Qd2 Be6 14. Rad1 Ke7 15. f4 exf4 16. Qxf4 Qe5 17. Qh4 Rac8 18. Rd2 Rc5 19. Rfd1 Rd8 20. Bd3 h5 21. Be2 g5 22. Qf2 Rxc3 23. bxc3 Nxe4 24. Qe3 Nxd2 25. Qxd2 g4 26. Bc4 d5 27. Re1 Qf5 28. Bd3 Qf6 29. Rf1 Qe5 30. Re1 Qf6 31. Rf1 Qg7 32. c4 dxc4 33. Qb4+ Ke8 34. Be4 Qf6 35. Re1 Qf2 36. Bxb7 Rd6 37. Bc8 Qd2 38. Qb1 Rb6 39. Rxe6+ Rxe6 40. Bxe6 fxe6 41. g3 c3 42. Qb8+ Qd8 43. Qb3 Qd1+ 44. Kg2 Qe2+ 45. Kg1 Qe1+ 46. Kg2 Qe4+ 47. Kf2 Qf3+ 48. Kg1 Kf7 49. Qa4 Qd1+ 50. Kg2 Qd2+ 51. Kg1 a5 52. Qe4 Ke7 53. Qb7+ Qd7 54. Qe4 Qd1+ 55. Kf2 Qd2+ 56. Kf1 Kd6 57. Qa4 Qd1+ 58. Kf2 Qf3+ 59. Kg1 Qe3+ 60. Kf1 Qc1+ 61. Ke2 Qd2+ 62. Kf1 e5 63. Qa3+ Ke6 64. Qb3+ Kf6 65. a3 Qd1+ 66. Kg2 Qf3+ 67. Kg1 Qe3+ 68. Kf1 Qc1+ 69. Ke2 Qd2+ 70. Kf1 Qd1+ 71. Kg2 Qd4 72. Qb1 Qe4+ 73. Kf2 Qf3+ 74. Kg1 Qe3+ 75. Kf1 a4 76. Kg2 Qd2+ 77. Kg1 Qd4+ 78. Kg2 Ke6 79. Kf1 Qc4+ 80. Kf2 Qc5+ 81. Ke2 Qc4+ 82. Ke3 Qd4+ 83. Ke2 Qd2+ 84. Kf1 Kf5 85. Kg1 Ke4 86. Kf1 Kf5 87. Kg1 Qd4+ 88. Kg2 Kg5 89. Kf1 Qd2 90. Kg1 Qe3+ 91. Kg2 h4 92. Qa2 Qe2+ 93. Kg1 Qe1+ 0-1

[Event "Lignano Sabbiadoro op 5th"]
[Site "Lignano Sabbiadoro"]
[Date "2019.07.29"]
[Round "4"]
[White "Calavalle, Giulio"]
[Black "Di Trapani, Davide"]
[Result "1-0"]
[WhiteElo "2231"]
[BlackElo "2200"]
[PlyCount "121"]
[EventDate "2019.07.27"]
[EventType "swiss"]
[EventRounds "9"]
[EventCountry "ITA"]
[SourceTitle "CBM 191 Extra"]
[Source "ChessBase"]
[SourceDate "2019.09.30"]
[SourceVersion "1"]
[SourceVersionDate "2019.09.30"]
[SourceQuality "1"]

1. e4 c5 2. Nc3 d6 3. g3 Nc6 4. Bg2 g6 5. d3 Bg7 6. Be3 Rb8 7. Qd2 b5 8. Nge2 Nd4 9. 0-0 e6 10. Nc1 b4 11. Nd1 Ne7 12. c3 bxc3 13. bxc3 Ndc6 14. Bh6 0-0 15. Bxg7 Kxg7 16. Ne3 Ba6 17. f4 f5 18. Rf2 Qb6 19. Nb3 Na5 20. g4 Nxb3 21. axb3 Bb5 22. exf5 gxf5 23. gxf5 Nxf5 24. Be4 Kh8 25. Bxf5 exf5 26. c4 Rg8+ 27. Kf1 Bd7 28. Qc3+ Rg7 29. Rg2 Rbg8 30. Nd5 Qb7 31. Re1 Bc6 32. Re7 Qxe7 33. Nxe7 Bxg2+ 34. Kf2 Rf8 35. h4 Rff7 36. h5 Rxe7 37. h6 Kg8 38. hxg7 Rxg7 39. Qf6 Bh3 40. Qd8+ Kf7 41. Qd7+ Kg6 42. Qxd6+ Kh5 43. Qxc5 Rg2+ 44. Ke3 Kg4 45. Qxa7 Rg3+ 46. Kd2 h5 47. c5 Bg2 48. Qg7+ Kxf4 49. Qh6+ Rg5 50. c6 Bxc6 51. Qxc6 h4 52. Qh6 Kg4 53. Ke2 h3 54. Kf2 f4 55. b4 Rh5 56. Qg6+ Rg5 57. Qe6+ Kh4 58. Kf3 h2 59. Qh6+ Rh5 60. Qxf4+ Kh3 61. Qg3# 1-0

[Event "Ascoli op 3rd"]
[Site "Ascoli"]
[Date "2019.06.02"]
[Round "5"]
[White "Basso, Pier Luigi"]
[Black "Calavalle, Giulio"]
[Result "1/2-1/2"]
[WhiteElo "2539"]
[BlackElo "2223"]
[PlyCount "55"]
[EventDate "2019.05.31"]
[EventType "swiss"]
[EventRounds "5"]
[EventCountry "ITA"]
[SourceTitle "EXT 2020"]
[Source "ChessBase"]
[SourceDate "2019.10.17"]
[SourceVersion "1"]
[SourceVersionDate "2019.10.17"]
[SourceQuality "1"]

1. d4 Nf6 2. c4 e6 3. Nf3 d5 4. Nc3 c6 5. Bg5 Nbd7 6. e3 Be7 7. Qc2 0-0 8. a3 Ne8 9. Bxe7 Qxe7 10. cxd5 exd5 11. Bd3 Ndf6 12. 0-0 Nd6 13. Nd2 g6 14. Rae1 Bf5 15. f3 Bxd3 16. Qxd3 Rad8 17. e4 dxe4 18. fxe4 Nh5 19. g3 Ng7 20. b4 a6 21. Nf3 Nb5 22. Nxb5 axb5 23. Qb3 Qe6 24. Qe3 Qd6 25. Qh6 Ne6 26. Rd1 f5 27. e5 Qe7 28. Qe3 1/2-1/2

[Event "Budapest FS08 IM"]
[Site "Budapest"]
[Date "2018.08.14"]
[Round "11"]
[White "Kahn, Evarth"]
[Black "Calavalle, Giulio"]
[Result "1/2-1/2"]
[WhiteElo "2245"]
[BlackElo "2274"]
[PlyCount "37"]
[EventDate "2018.08.04"]
[EventType "tourn"]
[EventRounds "11"]
[EventCountry "HUN"]
[EventCategory "1"]
[SourceTitle "CBM 186 Extra"]
[Source "ChessBase"]
[SourceDate "2018.08.24"]
[SourceVersion "1"]
[SourceVersionDate "2018.08.24"]
[SourceQuality "1"]

1. d4 d5 2. Nf3 Nf6 3. c4 e6 4. cxd5 exd5 5. Nc3 c6 6. Bg5 Be7 7. e3 0-0 8. Bd3 Re8 9. 0-0 Nbd7 10. Re1 h6 11. Bh4 Nf8 12. Qc2 Be6 13. Bg3 Rc8 14. h3 Bd6 15. Bh4 Be7 16. Bg3 Bd6 17. Bh4 Be7 18. Bg3 Bd6 19. Bh4 1/2-1/2

[Event "Budapest FS08 IM"]
[Site "Budapest"]
[Date "2018.08.05"]
[Round "2"]
[White "Kumar, Nikhil"]
[Black "Calavalle, Giulio"]
[Result "0-1"]
[WhiteElo "2268"]
[BlackElo "2274"]
[PlyCount "82"]
[EventDate "2018.08.04"]
[EventType "tourn"]
[EventRounds "11"]
[EventCountry "HUN"]
[EventCategory "1"]
[SourceTitle "CBM 186 Extra"]
[Source "ChessBase"]
[SourceDate "2018.08.24"]
[SourceVersion "1"]
[SourceVersionDate "2018.08.24"]
[SourceQuality "1"]

1. d4 Nf6 2. Nf3 d5 3. g3 c5 4. c4 cxd4 5. Bg2 Nc6 6. Nxd4 e5 7. Nxc6 bxc6 8. cxd5 Bb4+ 9. Nc3 Nxd5 10. Bd2 Be6 11. 0-0 0-0 12. Nxd5 Bxd2 13. Nc7 Qxc7 14. Qxd2 Qb6 15. Qc3 Rfe8 16. b3 Rac8 17. Rac1 c5 18. Rfd1 c4 19. bxc4 Rxc4 20. Qxc4 Bxc4 21. Rxc4 g6 22. Bd5 Kg7 23. Rc6 Qa5 24. e4 f5 25. exf5 gxf5 26. Bb3 Rd8 27. Rdc1 Qd2 28. Rc7+ Rd7 29. R7c2 Qg5 30. Rc8 Qd2 31. h4 f4 32. g4 h6 33. R8c2 Qd3 34. Rc6 Qf3 35. g5 hxg5 36. hxg5 Qg4+ 37. Kf1 f3 38. Bc4 Qg2+ 39. Ke1 Qxg5 40. Rc2 Qg1+ 41. Bf1 Qxf1+ 0-1